Animals of Russia - Sudden Death - Statistics

General Stats
  • This quiz has been taken 54 times
  • The average score is 3 of 16
Answers on the Grid
Answers color-coded by a green-red scale on the quiz's grid according to % correct below.
Mallards
Molerats
Red Foxes
Muskrats
Partridges
Adders
Jerboas
Yellowjackets
Crab Spiders
Huntsman Spiders
Ground Squirrels
Storks
Weasels
Hedgehogs
Ratsnakes
Quails
Leaf Insects
Moonrats
Mountain Goats
Pythons
Garter Snakes
Turkeys
Spotted Lanternflies
Grey Fox
Oryxes
Groundhogs
Onagers
White-Tailed Deer
Boobies
Red-Tailed Hawk
Armadillos
Mourning Doves
 
Answer Stats
Answer % Correct
Red Foxes
41%
Storks
41%
Weasels
34%
Hedgehogs
31%
Quails
31%
Partridges
25%
Mallards
22%
Ratsnakes
22%
Adders
16%
Ground Squirrels
16%
Crab Spiders
13%
Jerboas
13%
Yellowjackets
13%
Molerats
9%
Muskrats
9%
Huntsman Spiders
6%
No matching quizzes found
Score Distribution
Percent of People with Each Score
Percentile by Number Answered
Your Score History
You have not taken this quiz